| 000 | 00383 a2200169 4500 | ||
|---|---|---|---|
| 001 | 157175 | ||
| 020 | _a978851611779 | ||
| 040 | _cEscola São Tomás de Aquino | ||
| 100 | _aMODERNA | ||
| 240 | 1 | 0 |
_aAraribá Plus Português _lpor |
| 245 | 1 | 0 | _aAraribá Plus Português |
| 300 | _a319 p. | ||
| 362 | 0 | _a2014 | |
| 440 | 1 | _aModerna | |
| 697 | _aLíngua portuguesa | ||
| 942 | _cBK | ||
| 999 |
_c157175 _d157175 |
||